00708nam a2200181Ia 4500001000700000003000500007008004100012010001100053040000900064100003100073245020000104260004100304300001000345502007600355650002600431650002500457700004400482Z_4909CHAP220113s2003 xx 000 0 und d a167964 cCHAP aTrinidad Esteban, Evaristo aFluctuación estacional de la mosca del cuerno (Haematobia irritans) en un sistema de producción de leche orgánica /cpor Evaristo Trinidad Esteban y Leonardo Rafael González Hernández aChapingo, Méx. :bEl autor,c2003 a45 h. aTesis (Ing. Agr. Esp. en Zootecnia) -- UACH. Departamento de Zootecnia aGanado vacunoxPlagas aHaematobia irritans  aGonzález Hernández, Leonardo Rafael